Las elecciones de 1991 y las posibilidades de transición a la democracia /

Salvato in:
Dettagli Bibliografici
Autore principale: Hoyo Arana, José Luis
Natura: testo
Soggetti:
Tags: Aggiungi Tag
Nessun Tag, puoi essere il primo ad aggiungerne!!

MARC

LEADER 00000 a a2200000 04500
001 7725
003
040
100 |a Hoyo Arana, José Luis  
245 |a Las elecciones de 1991 y las posibilidades de transición a la democracia /  |c José Luis Hoyo Arana 
650 |a ELECCIONES  
650 |a DESARROLLO POLITICO  
650 |a MEXICO  
773 |g número 10; páginas 73-85  
999 |c 31494  |d 31494